000 00623nam a2200253Ia 4500
008 210210b2009 xxu||||| |||| 00| 0 eng d
020 _a9780198074939
041 _aeng
082 _a338.954 MOHM
100 _aMOHAN (Rakesh)
245 _aMonetary policy in a globalized economy: a practitioners view
260 _aNew Delhi
_bOxford University Press
_c2009
300 _axx, 328
650 _aview
650 _apractitioners
650 _apolicy
650 _aMonetary
650 _ain
650 _aglobalized
650 _aeconomy:
650 _aa
690 _aIndian Economics
906 _a068029
999 _c152140
_d152140